| 000 | 00818nam a22002657a 4500 | ||
|---|---|---|---|
| 003 | DO-SdBNP | ||
| 005 | 20230516101805.0 | ||
| 008 | 171116b 2005 mx| 00| 0 spa d | ||
| 020 | _a9789706668691 | ||
| 040 |
_aBPMSU _bspa _cBPMSU |
||
| 082 | 4 |
_a927.92 _bM753S 2005 _222 |
|
| 100 | 1 | _aSamaniego, María Eustolia | |
| 245 | 1 | 0 |
_aMarilyn Monroe / _cMaría Eustolia Samaniego ; prólogo Roberto Mares |
| 250 | _a2a ed. | ||
| 260 |
_aMéxico : _bEditorial Tomo, _c2005. |
||
| 300 |
_a127 p. : _bil. ; _c21 cm. |
||
| 490 | 0 | _aLos grandes | |
| 590 | _6Inventariado, 2023/VM | ||
| 600 | 1 | 4 |
_aMonroe, Marylin, _d1926-1962 _vBiografías |
| 650 | 4 | _aActrices estadounidenses | |
| 650 | 4 |
_aCine _zEstados Unidos |
|
| 700 | 1 |
_aMares, Roberto _epról. |
|
| 910 | _aBTAVAREZ/ VMateo V. Control de calidad (BPMSU) | ||
| 942 |
_2ddc _cBK |
||
| 999 |
_c12916 _d12916 |
||